书目信息 |
| 题名: |
汉晋间社会阶层升降与历史变迁
|
|
| 作者: | 王永平 著 | |
| 分册: | ||
| 出版信息: | 北京 社会科学文献出版社 2011.12 |
|
| 页数: | 538页 | |
| 开本: | 23cm | |
| 丛书名: | 人文传承与区域社会发展研究丛书 | |
| 单 册: | ||
| 中图分类: | D691.71 | |
| 科图分类: | ||
| 主题词: | 社会阶层--研究--中国--汉代 , 社会阶层--研究--中国--晋代 , 社会阶层 | |
| 电子资源: | ||
| ISBN: | 978-7-5097-2765-2 | |
| 000 | 01141oam2 2200277 450 | |
| 001 | 010000014363 | |
| 005 | 20120618152155.07 | |
| 010 | @a978-7-5097-2765-2@dCNY78.00 | |
| 100 | @a20111228d2011 em y0chiy0110 ea | |
| 101 | 0 | @achi |
| 102 | @aCN@b110000 | |
| 105 | @ay z 000yy | |
| 106 | @ar | |
| 200 | 1 | @a汉晋间社会阶层升降与历史变迁@9han jin jian she hui jie ceng sheng jiang yu li shi bian qian@dMovements between the han and jin social class and historical change@f王永平著@zeng |
| 210 | @a北京@c社会科学文献出版社@d2011.12 | |
| 215 | @a538页@d23cm | |
| 225 | 1 | @a人文传承与区域社会发展研究丛书@i淮扬文化研究文库 |
| 330 | @a本书从汉晋时期统治集团社会阶层升降、更替的角度,揭示相关社会文化、历史变革的缘由及其深刻影响。本书研究的核心时段是魏晋之际,同时上溯至东汉中后期,下延至东晋。 | |
| 510 | 1 | @aMovements between the han and jin social class and historical change@zeng |
| 606 | 0 | @a社会阶层@x研究@y中国@z汉代 |
| 606 | 0 | @a社会阶层@x研究@y中国@z晋代 |
| 606 | 0 | @a社会阶层 |
| 690 | @aD691.71@v4 | |
| 701 | 0 | @a王永平@9wang yong ping@f(1962~)@4著 |
| 801 | 0 | @aCN@bNLC@c20120228 |
| 905 | @b539989-93@dD691.71@e176@f5 | |
| 汉晋间社会阶层升降与历史变迁=Movements between the han and jin social class and historical change/王永平著.-北京:社会科学文献出版社,2011.12 |
| 538页;23cm.-(人文传承与区域社会发展研究丛书.淮扬文化研究文库) |
| ISBN 978-7-5097-2765-2:CNY78.00 |
| 本书从汉晋时期统治集团社会阶层升降、更替的角度,揭示相关社会文化、历史变革的缘由及其深刻影响。本书研究的核心时段是魏晋之际,同时上溯至东汉中后期,下延至东晋。 |
| ● |
| 相关链接 |
|
|
|
|
正题名:汉晋间社会阶层升降与历史变迁
索取号:D691.71/176
 
预约/预借
| 序号 | 登录号 | 条形码 | 馆藏地/架位号 | 状态 | 备注 |
| 1 | 539989 | 205399898 | 第一样本阅览室/ [索取号:D691.71/176] | 在馆 | |
| 2 | 539990 | 205399905 | 第一借阅区/ [索取号:D691.71/176] | 在馆 | |
| 3 | 539991 | 205399914 | 第一借阅区/ [索取号:D691.71/176] | 在馆 | |
| 4 | 539992 | 205399923 | 第一借阅区/ [索取号:D691.71/176] | 在馆 | |
| 5 | 539993 | 205399932 | 第一借阅区/ [索取号:D691.71/176] | 在馆 |